书目信息 |
| 题名: |
汽车设计
|
|
| 作者: | 法戈内, 著 ;温为才 , 陈华 译 | |
| 分册: | ||
| 出版信息: | 北京 清华大学出版社 2015.1 |
|
| 页数: | 171页 | |
| 开本: | 23cm | |
| 丛书名: | ||
| 单 册: | ||
| 中图分类: | U462 | |
| 科图分类: | ||
| 主题词: | 汽车--设计 | |
| 电子资源: | ||
| ISBN: | 978-7-302-38789-3 | |
| 000 | 01069nam0 2200253 450 | |
| 001 | 0400003359 | |
| 005 | 20171022090601.0 | |
| 010 | @a978-7-302-38789-3@dCNY65.00 | |
| 100 | @a20171022e20172015em y0chiy ea | |
| 101 | 1 | @achi@ceng |
| 102 | @aCN@b110000 | |
| 105 | @aa z 000yy | |
| 106 | @ar | |
| 200 | 1 | @a汽车设计@9qi che she ji@e交通工具设计理念、方法、流程及演化@f(意) Enrico Leonardo Fagone著@g温为才,陈华译 |
| 210 | @a北京@c清华大学出版社@d2015.1@h2017.8 | |
| 215 | @a171页@c图,彩照@d23cm | |
| 330 | @a本书重点关注了汽车界近期的发展变化。第一部分追溯了从20世纪60年代到新千年间汽车设计的发展历程,重点阐述了技术与造型的革新,以及汽车工业的标志性的创新方式方法以及项目流程。书中还特别介绍了意大利汽车界传奇人物创立的著名汽车公司。同时,还特别收集了一些对全球顶级汽车设计师的访谈资料。 | |
| 606 | 0 | @a汽车@x设计 |
| 690 | @aU462@v5 | |
| 701 | 1 | @c(意)@a法戈内,@9fa ge nei@bE.L. @g(Fagone, Enrico Leonardo)@4著 |
| 702 | 0 | @a温为才@9wen wei cai@4译 |
| 702 | 0 | @a陈华@9chen hua@4译 |
| 801 | 0 | @aCN@b91MARC@c20171022 |
| 905 | @b1033636-40@dU462@f5@e562 | |
| 汽车设计:交通工具设计理念、方法、流程及演化/(意) Enrico Leonardo Fagone著/温为才,陈华译.-北京:清华大学出版社,2015.1(2017.8) |
| 171页:图,彩照;23cm |
| ISBN 978-7-302-38789-3:CNY65.00 |
| 本书重点关注了汽车界近期的发展变化。第一部分追溯了从20世纪60年代到新千年间汽车设计的发展历程,重点阐述了技术与造型的革新,以及汽车工业的标志性的创新方式方法以及项目流程。书中还特别介绍了意大利汽车界传奇人物创立的著名汽车公司。同时,还特别收集了一些对全球顶级汽车设计师的访谈资料。 |
| ● |
| 相关链接 |
|
|
|
|
正题名:汽车设计
索取号:U462/562
 
预约/预借
| 序号 | 登录号 | 条形码 | 馆藏地/架位号 | 状态 | 备注 |
| 1 | 1033636 | 210336368 | 第二样本阅览室/ [索取号:U462/562] | 在馆 | |
| 2 | 1033637 | 210336377 | 密集书库-物理学院/ [索取号:U462/562] | 在馆 | |
| 3 | 1033638 | 210336386 | 第三借阅区/ [索取号:U462/562] | 在馆 | |
| 4 | 1033639 | 210336395 | 第三借阅区/ [索取号:U462/562] | 在馆 | |
| 5 | 1033640 | 210336402 | 第三借阅区/ [索取号:U462/562] | 在馆 |